Statistiques concernant Culture Générale - Série 2569

Cliquez ici pour prendre le quiz!

Statistiques générales

  • Ce quiz a été pris 96 fois
  • Le résultat moyen est 3 sur 10

Statistiques - réponses

QuestionRéponse% Correct
De quel pays le kabuki est-il une forme de théâtre traditionnel ?Japon
82%
Disque en plastique, légèrement bombé, que des joueurs se lancent l'un à l'autre en le faisant planer et tourner sur lui-même frisbee
78%
Nom ou adjectif signifiant "totalement ignorant" - 6 lettres commençant par " i "ignare
71%
Quel écrivain français a créé le personnage fictif de François Ubu, dit le Père Ubu ? prénom et nomAlfred Jarry
25%
Nouvelle pousse (d'une plante) - Enfant ; fils (familier-ironique) - 7 lettresrejeton
24%
Quel anglicisme désigne un cheval pur-sang âgé d'un an ?yearling
21%
Bruit fatigant, vacarme (familier) - Souci,tracas - 8 lettres commençant par "t" et finissant par "n"tintouin
20%
Sous quel prénom et nom connaissait-on mieux l'acteur français Pierre Laudenbach (1897-1975) ? - voir photoPierre Fresnay
11%
Sous quel prénom et nom connaissait-on mieux Yvonne Wigniolle,soprano lyrique et actrice dramatique française de l'entre-deux-guerres, épouse de Sacha Guitry (1894-1977) ?Yvonne Printemps
11%
État d'un malade dont les forces diminuent lentement (vieilli) - Mélancolie douce et rêveuse - 8 lettreslangueur
2%

Distribution des résultats

Percentile par nombre de réponses

% des personnes avec chaque résultat

Votre développement - résultats

Vous n’avez pas pris ce quiz